00000000nam##2200000za#4500
0019.521298
003CaOODSP
00520210615083020
007ta
008150406|1992||||xxc|||||     f|0| 0 eng|d
020 |a0-660-57474-8
022 |a0706-148X
040 |aCaOODSP|beng
041 |aeng
041 |afre
043 |an-cn---
0861 |aS52-2/216-1992
1101 |aCanada.|bSecretary of State of Canada. |bTranslation Bureau.
24510|aVocabulary of public sector auditing / |cby Louiselle Gagnon and Charles Skeete.
260 |aOttawa - Ontario : |bSecretary of State of Canada. |c1992.
300 |a291p. ; |c22 cm.
4901 |aTerminology bulletin|x0706-148X|v216
5203 |aTerminology Bulletin 216. By Louiselle Gagnon and Charles Skeete. This vocabulary is an essential communications tool for all those interested in public sector auditing, whether they are auditors, controllers, accountants, managers, translators, editors, journalists, teachers, students or taxpayers. It contains approximately 1,300 concepts and 360 definitions, including terms from subject fields as varied as accounting, statistics, informatics, financial management and personnel management.
546 |aBilingual
563 |aSoftcover
590 |a92-43|b1992-10-23
69007|aTerminology|2gcpds
69007|aPublic sector|2gcpds
7201 |aGagnon, Louiselle
7201 |aSkeete, Charles
7760#|tVocabulaire de la vérification publique / |w(CaOODSP)9.590544
792 |tVocabulaire de la vérification publique / |efre|w(CaOODSP)9.521299
830#0|aTerminology bulletin,|x0706-148X|v216|w(CaOODSP)9.509598